三国志 字(あざな)クイズ初級 - Statistics

General Stats
  • This quiz has been taken 17 times
  • The average score is 10 of 26
Answer Stats
姓名 % Correct
劉備 玄徳
93%
曹操 孟徳
93%
関羽 雲長
86%
周瑜 公瑾
71%
呂布 奉先
64%
張飛 益徳
50%
孫権 仲謀
50%
馬超 孟起
43%
姜維 伯約
43%
董卓 仲穎
36%
袁紹 本初
36%
張遼 文遠
36%
陸遜 伯言
36%
夏侯惇 元譲
36%
黄忠 漢升
29%
孫策 伯符
29%
郭嘉 奉孝
29%
夏侯淵 妙才
29%
孫堅 文台
21%
于禁 文則
21%
張郃 儁乂
21%
公孫瓚 伯珪
14%
荀攸 公達
7%
陶謙 恭祖
7%
程昱 仲徳
7%
法正 孝直
7%
No matching quizzes found
Score Distribution
Percent of People with Each Score
Percentile by Number Answered
Your Score History
You have not taken this quiz